Imiona nadane chłopcom w 2000 roku - Statystyki

Ogólne statystyki
  • Ten quiz został rozwiązany 105 razy
  • Średni wynik to 63 z 100
Statystyki odpowiedzi
Hint Odpowiedź % Poprawnych
B Bartosz
99%
J Jan
96%
P Piotr
96%
J Jakub
94%
M Michał
94%
P Paweł
94%
K Krzysztof
93%
B Bartłomiej
91%
K Kamil
91%
A Adam
90%
D David
90%
D Dawid
90%
M Mateusz
88%
T Tomasz
88%
D Daniel
87%
K Karol
87%
M Maciej
87%
W Wiktor
85%
D Damian
84%
Ł Łukasz
84%
S Szymon
84%
A Andrzej
82%
F Filip
82%
K Kacper
82%
M Marcin
82%
P Patryk
82%
R Rafał
81%
S Stanisław
81%
A Arkadiusz
79%
F Franciszek
79%
G Grzegorz
79%
R Robert
79%
A Adrian
78%
A Aleksander
78%
D Dariusz
78%
H Hubert
78%
I Igor
78%
W Wojciech
78%
A Antoni
76%
M Marek
76%
P Przemysław
76%
O Oskar
75%
S Sebastian
75%
D Dominik
73%
K Krystian
73%
E Eryk
72%
M Mariusz
72%
M Mikołaj
72%
N Norbert
70%
K Konrad
69%
N Nikodem
69%
J Jacek
67%
E Emil
66%
J Jerzy
66%
J Julian
66%
K Kuba
66%
C Cezary
64%
M Marcel
64%
A Artur
63%
G Gabriel
61%
N Natan
61%
O Oliwier
61%
R Radosław
61%
M Miłosz
60%
A Alan
58%
T Tymoteusz
58%
S Sylwester
57%
Z Zbigniew
57%
J Janusz
55%
J Jarosław
55%
M Mirosław
55%
B Błażej
54%
K Kornel
54%
O Olaf
54%
S Sławomir
52%
R Roman
51%
M Maksymilian
46%
F Fabian
43%
D Dorian
42%
W Witold
42%
G Gracjan
40%
K Kajetan
40%
A Albert
34%
B Borys
34%
T Tobiasz
34%
R Remigiusz
31%
C Cyprian
30%
K Kordian
30%
A Amadeusz
28%
B Brajan
27%
J Jędrzej
22%
S Seweryn
22%
E Ernest
18%
K Kevin
18%
K Kewin
18%
S Samuel
18%
B Beniamin
16%
M Marceli
15%
D Denis
12%
M Martin
3%
Nie znaleziono quizów pasujących do podanych kryteriów
Rozkład punktacji
Procent ludzi z każdym wynikiem
Percentyl według liczby udzielonych odpowiedzi
Twoja historia wyników
Nie rozwiązałeś tego quizu